000 00648nam a2200265Ia 4500
005 20260121171259.0
008 008 260114s9999 xx 000 0 eng d
020 _a9789811393617
037 _aEBOOK
040 _aCRL
040 _beng
040 _cCRL
041 _2eng
041 _aeng
084 _qCRL
100 _aSuresh Sundaram, Gaurav Harit
_91074283
245 0 _aDocument Analysis and Recognition
260 _bSpringer
260 _bSpringer
260 _c2019
856 _uhttps://link.springer.com/openurl?genre=book&isbn=978-981-13-9361-7
942 _cEBOOK
999 _c1640013
_d1640013